Reel time: movie exhibitors and movie audiences in Prairie Canada, 1896 to 1986 / (Record no. 290616)
[ view plain ]
| 000 -LEADER | |
|---|---|
| fixed length control field | 00513nam a2200145Ia 4500 |
| 008 - FIXED-LENGTH DATA ELEMENTS--GENERAL INFORMATION | |
| fixed length control field | 160216s9999 xx 000 0 und d |
| 100 ## - MAIN ENTRY--PERSONAL NAME | |
| Personal name | Seiler, R.M. |
| 245 ## - TITLE STATEMENT | |
| Title | Reel time: movie exhibitors and movie audiences in Prairie Canada, 1896 to 1986 / |
| 245 ## - TITLE STATEMENT | |
| Statement of responsibility, etc | R.M. Seiler, T.P. Seiler. |
| 260 ## - PUBLICATION, DISTRIBUTION, ETC. (IMPRINT) | |
| Name of publisher, distributor, etc | AU Press. |
| 260 ## - PUBLICATION, DISTRIBUTION, ETC. (IMPRINT) | |
| Date of publication, distribution, etc | 2013 |
| 650 ## - SUBJECT ADDED ENTRY--TOPICAL TERM | |
| General subdivision | Film - Prairie Canada. |
| 650 ## - SUBJECT ADDED ENTRY--TOPICAL TERM | |
| General subdivision | Movie (exhibitors and audiences). |
| 856 ## - ELECTRONIC LOCATION AND ACCESS | |
| Uniform Resource Identifier | <a href="http://www.aupress.ca/books/120213/ebook/99Z_Seiler_and_Seiler_2012-Reel_Time.pdf">http://www.aupress.ca/books/120213/ebook/99Z_Seiler_and_Seiler_2012-Reel_Time.pdf</a> |
| Withdrawn status | Lost status | Damaged status | Home library | Current library | Date acquired | Total Checkouts | Date last seen | Price effective from | Koha item type |
|---|---|---|---|---|---|---|---|---|---|
| College Library | College Library | 02/16/2016 | 02/16/2016 | 02/16/2016 | Curriculum - Based eBooks |